000
00290nam a2200121Ia 4500
008
190216s9999||||xx |||||||||||||| ||und||
100
_a
Charles L Schultze
245
0
_a
National Income Analysis
260
_b
Prentice Hall India
_c
1984
300
_a
162p
650
_a
Economics
942
_c
BK
999
_c
9708
_d
9708